000 00304cam a22001331 4500
082 _a892.73
_bGIB
100 1 _aGibb, H. A. R.
245 0 0 _aArabic literature,
250 _a2d (rev.) ed.
260 _aOxford,
_bClarendon Press,
_c1963.
300 _a182 p.
650 0 _aArabic literature
942 _cBK
999 _c21336
_d21336